000 00310nam a22001337a 4500
008 181102b xxu||||| |||| 00| 0 eng d
020 _a0030475112
041 _aeng
080 _a101
100 _a24
101 _aFIL
245 _aThe Study of Philosophy An Introduction
_cEngel,S.M
942 _2udc
_cBK
999 _c51763
_d51763